000 00642nam a22002177a 4500
005 20170124105949.0
010 _aA-041266
020 _c15.00
035 _aA-041266
037 _bCen Lib/Ret
040 _aDPL
_bEN
082 _a330.60954
_bAHU
100 _aAhuja, B. N
_913132
245 _aSmall-scale industries in India /
_cby B. N. Ahuja
260 _aNew Delhi
_bVerma Bros.
_c1977
270 _a21, Shanker Market, P. B. 531
_bNew Delhi
_e110001
300 _axvi,232p.
_c21cm(Hb)
650 _aSmall business
_979971
650 _aIndustries
_979972
942 _2ddc
_cEN
_h330.60954
_mAHU
999 _c125135
_d125135